British tax guide (Record no. 106972)

MARC details
000 -LEADER
fixed length control field 01193cam a22002655a 4500
001 - CONTROL NUMBER
control field L138015
008 - FIXED-LENGTH DATA ELEMENTS--GENERAL INFORMATION
fixed length control field 070511s2006 xxk f 001 0 eng d
020 ## - INTERNATIONAL STANDARD BOOK NUMBER
International Standard Book Number 1841408344
035 ## - SYSTEM CONTROL NUMBER
System control number (Sirsi) u138015
041 0# - LANGUAGE CODE
Language code of text/sound track or separate title eng
050 04 - LIBRARY OF CONGRESS CALL NUMBER
Classification number 336.22 $2 18
100 1# - MAIN ENTRY--PERSONAL NAME
Personal name Hutton, Matthew
245 00 - TITLE STATEMENT
Title British tax guide
Remainder of title Hutton and McKie on Stamp Duty Land Tax 2006 - 2007
250 ## - EDITION STATEMENT
Edition statement 3rd ed.
260 ## - PUBLICATION, DISTRIBUTION, ETC.
Place of publication, distribution, etc. Kingston-upon-Thames
Name of publisher, distributor, etc. CCH
Date of publication, distribution, etc. 2006
300 ## - PHYSICAL DESCRIPTION
Extent xxviii, 389p.
Dimensions 24cm.
350 ## - PRICE (NR) (BK AM CF MU VM SE) [OBSOLETE]
Price 82.95
520 ## - SUMMARY, ETC.
Summary, etc. Provides guidance to the principles of the tax, with reference to examples, and highlights particular planning opportunities and traps that can occur in everyday situations. This edition includes: changes introduced by the Finance Act 2006, especially on partnerships, leases, sub-trust transactions and unit trust schemes; chargeable considerations; coverage of HMRC's stamp taxes publications; and a discussion of various points of practice and HMRC's stamp taxes interpretations.
650 24 - SUBJECT ADDED ENTRY--TOPICAL TERM
Topical term or geographic name entry element STAMP DUTY LAND TAX
651 #4 - SUBJECT ADDED ENTRY--GEOGRAPHIC NAME
Geographic name England and Wales
Chronological subdivision 1543-
690 ## - LOCAL SUBJECT ADDED ENTRY--TOPICAL TERM (OCLC, RLIN)
Topical term or geographic name as entry element PROPERTY-PROPERTY TAXATION-STAMP DUTY LAND TAX
700 1# - ADDED ENTRY--PERSONAL NAME
Personal name Mckie, Sharon
942 ## - ADDED ENTRY ELEMENTS (KOHA)
Suppress in OPAC 0
Holdings
Withdrawn status Lost status Source of classification or shelving scheme Damaged status Not for loan Home library Current library Shelving location Date acquired Total Checkouts Full call number Barcode Date last seen Copy number Price effective from Koha item type
    Dewey Decimal Classification     London London Books 16/08/2007   336.22 HUT 30073947 06/08/2019 1 06/08/2019 Book